| 000 | 00355nam a22001217a 4500 | ||
|---|---|---|---|
| 008 | 230824b |||||||| |||| 00| 0 eng d | ||
| 022 | _a0972-5075 | ||
| 040 |
_aNational Science Library _cNational Science Library |
||
| 245 | _aBiochemical and cellular archives | ||
| 260 |
_aMuzaffarnagar: _bDr. P. R. Yadav, _c2001 |
||
| 310 | _aHalf-yearly | ||
| 942 | _cCR | ||
| 999 |
_c59584 _d59584 |
||